| 000 | 00406nam a2200133Ia 4500 | ||
|---|---|---|---|
| 008 | 220216s9999 xx 000 0 und d | ||
| 100 | _aThong C K | ||
| 245 | 0 | _aSMR responds to changing requirements of consumers and producers | |
| 260 | _bProceedings of the RRIM Planters Conference, Kuala Lumpur, 1974; p263-277 | ||
| 650 | _aSMR production | ||
| 700 | _aLee J T H | ||
| 700 | _aLoke K M | ||
| 942 | _cJS | ||
| 999 |
_c68792 _d68792 |
||